El Derecho de propiedad lm̕ites derivados de la proteccin̤ arqueolg̤ica /

Bibliographic Details
Main Author: Bermd︢ez Sǹchez, Javier
Format: Unknown
Language:Spanish
Published: Madrid : Montecorvo, 2003
Online Access:Acceso restringido

MARC

LEADER 00000ny a22000003n 4500
005 20110527141632.0
008 040601s2003 sp s 000 0 spa d
020 |a 8471114305 
035 |a 1703 
040 |a UMA.RE  |d vLex 
040 |a UMA.TUR  |d vLex 
090 |c 330  |d 330 
100 1 |a Bermd︢ez Sǹchez, Javier 
245 1 3 |a El Derecho de propiedad  |h [Recurso electrn̤ico]  |b lm̕ites derivados de la proteccin̤ arqueolg̤ica /  |c Javier Bermd︢ez Sǹchez 
256 |a Servicio en ln̕ea. 
260 |a Madrid :  |b Montecorvo,  |c 2003 
300 |a 180 p 
504 |a Bibliogr.: p. [175]-180 
506 1 |a Contenido solo disponible en los productos indicados  |d vLex Global  |d vLex Global (Academic Edition, excluding Law Schools)  |d vLex Global (U.S. Academic Edition, Law Schools)  |d vLex Global (U.S. Academic Edition, excluding Law Schools)  |d vLex Global (Academic Edition, Law Schools) 
740 0 |a vLex Libros (Servicios en ln̕ea) 
856 4 0 |z Acceso restringido  |u http://vlex.com/source/1703 
942 |c BOOK 
999 0 |a Law  |b Madrid